书目信息 |
| 题名: |
大学物理概论(修订版)
|
|
| 作者: | 霍炳海 编 | |
| 分册: | ||
| 出版信息: | 天津 天津大学出版社 2000.02 |
|
| 页数: | 248页 | |
| 开本: | 26cm | |
| 丛书名: | ||
| 单 册: | ||
| 中图分类: | O4 | |
| 科图分类: | ||
| 主题词: | 物理学 | |
| 电子资源: | ||
| ISBN: | 7-5618-1275-2 | |
| 000 | 00546nam0 2200193 45 | |
| 001 | 0461095955 | |
| 005 | 2004051116581137 | |
| 010 | @a7-5618-1275-2@d20.00CNY | |
| 100 | @a20040511d2000 km y0chiy0120 ea | |
| 101 | 0 | @achi |
| 102 | @aCN@b120000 | |
| 200 | 1 | @a大学物理概论(修订版)@ADa Xue Wu Li Gai Lun(Xiu Ding Ban)@f霍炳海等编@FHuo Bing Hai Deng Bian |
| 210 | @a天津@c天津大学出版社@d2000.02 | |
| 215 | @a248页@d26cm | |
| 606 | 0 | @a物理学 |
| 690 | @aO4@v3 | |
| 701 | 0 | @a霍炳海@AHuo Bing Hai@4编 |
| 801 | 0 | @aCN@bPFT@c20040511 |
| 905 | @dO4@eH964 | |
| 大学物理概论(修订版)/霍炳海等编.-天津:天津大学出版社,2000.02 |
| 248页;26cm |
| ISBN 7-5618-1275-2:20.00CNY |
| ● |
| 相关链接 |
|
|
|
正题名:大学物理概论(修订版)
索取号:O4/H964
 
预约/预借
| 序号 | 登录号 | 条形码 | 馆藏地/架位号 | 状态 | 备注 |
| 1 | 393391 | 203933912 | 自科库401/401自科库 84排2列3层/ [索取号:O4/H964] | 在馆 | |
| 2 | 393392 | 203933921 | 自科库401/401自科库 84排2列3层/ [索取号:O4/H964] | 在馆 | |
| 3 | 393393 | 203933930 | 自科库401/401自科库 84排2列3层/ [索取号:O4/H964] | 在馆 | |
| 4 | 67179 | 200671790 | 自科二线504/504自科库 48排3列2层/ [索取号:O4/H964] | 在馆 | |
| 5 | 67180 | 200671807 | 自科二线504/504自科库 48排3列2层/ [索取号:O4/H964] | 在馆 | |
| 6 | 67181 | 200671816 | 自科二线504/504自科库 48排3列2层/ [索取号:O4/H964] | 在馆 | |
| 7 | 67182 | 200671825 | 自科二线504/ [索取号:O4/H964] | 在馆 | |
| 8 | 67183 | 200671834 | 自科二线504/504自科库 48排3列2层/ [索取号:O4/H964] | 在馆 | |
| 9 | 67184 | 200671843 | 能源与建筑环境工程学院资料室/504自科库 26排1列2层/ [索取号:O4/H964] | 在馆 | |
| 10 | 67185 | 200671852 | 自科二线504/504自科库 24排1列5层/ [索取号:O4/H964] | 在馆 | |
| 11 | 67186 | 200671861 | 自科二线504/504自科库 21排2列1层/ [索取号:O4/H964] | 在馆 | |
| 12 | 67187 | 200671870 | 自科二线504/ [索取号:O4/H964] | 在馆 | |
| 13 | 67188 | 200671889 | 自科二线504/504自科库 48排3列2层/ [索取号:O4/H964] | 在馆 |